000 00461nam a2200157Ia 4500
008 240729s9999 xx 000 0 und d
022 _a2682-4574
245 0 _aInternational Egyptian Journal of Nursing Sciences and Research
260 _aEgypt
260 _bKafr El Sheikh University, Faculty of Nursing
650 _a Nursing
650 _aMedicine
856 _uhttps://doaj.org/toc/75af6fb98cc24926a05f6d8381df7885
942 _2ddc
942 _cDOAJEJ
999 _c73352
_d73352
945 _a1
_bMadushi Gamage
_c1
_dMadushi Gamage